000
00301nam a22001337a 4500
003
SGT
082
_a
340,GAN
100
_a
GANDHI, M.K.
245
_a
THE REMOVAL OF UNTOUCHABILITY
260
_a
AHMEDABAD
_b
NAVAJIVAN PUBLISHING HOUSE
_c
1954
300
_a
275
650
_a
LAWBOOKS
942
_2
ddc
_c
BK
999
_c
10163
_d
10163